|
|
|
|
| LEADER |
01335cam a2200277 i 4500 |
| 001 |
3652061 |
| 003 |
GR-PaULI |
| 005 |
20241108063403.0 |
| 008 |
760616s1976 gw b 101 0 eng |
| 952 |
|
|
|0 0
|1 0
|2 ddc
|4 0
|6 Π_Σ_519_200000000000000_INT
|7 0
|8 NFIC
|9 230194
|a LISP
|b LISP
|c REF
|d 2019-02-20
|i 139299
|l 0
|o Π/Σ 519.2 INT
|p 025000044217
|r 2019-02-20 00:00:00
|t 1
|v 2019.00
|w 2019-02-20
|y BK15
|
| 999 |
|
|
|c 139791
|d 139791
|
| 010 |
|
|
|a 76019100
|
| 020 |
|
|
|a 0387077936
|
| 040 |
|
|
|a DLC
|c GR-PaULI
|d
|b gre
|e AACR2
|
| 082 |
0 |
4 |
|a 519.2
|2 23
|
| 111 |
|
|
|a International Conference on Probability in Banach Spaces
|n (1st :
|d 1975 :
|c Oberwolfach, Germany)
|9 174123
|
| 245 |
1 |
0 |
|a Probability in Banach spaces :
|b proceedings of the first International Conference on Probability in Banach Spaces, 20-26 July 1975, Oberwolfach /
|c edited by Anatole Beck.
|
| 260 |
|
|
|a Berlin ;
|a New York :
|b Springer-Verlag,
|c 1976.
|
| 300 |
|
|
|a vi, 290 σ. ;
|c 25 εκ.
|
| 490 |
1 |
|
|a Lecture notes in mathematics
|v 526.
|
| 504 |
|
|
|a Περιλαμβάνει βιβλιογραφικές παραπομπές και ευρετήριο.
|
| 650 |
|
4 |
|a Πιθανότητες
|9 199
|
| 700 |
1 |
|
|a Beck, Anatole
|9 172862
|e επιμελητής.
|
| 830 |
|
0 |
|a Lecture notes in mathematics (Springer-Verlag)
|v 526.
|9 161263
|
| 942 |
|
|
|2 ddc
|c BKN
|
| 998 |
|
|
|c ΜΠΟΥΡΑΣ
|d 2091-01
|